000 00669nam a2200205Ia 4500
005 20260121110348.0
008 008 260114s9999 xx 000 0 hin d
020 _a9788132304517
037 _aEBOOK
040 _aCRL
_bhin
_cCRL
041 _ahin
_2hin
084 _qCRL
100 _aपंकज राणा / Anil Gupta
_9945238
245 0 _aशारीरिक शिक्षा के सिद्धांत / Sharirik shiksha ke siddhant
260 _bभाषा प्रकाशन / Bhasha Prakashan
_c2020
856 _uhttps://bhashaprakashan.com/product-details/378081
942 _cEBOOK
999 _c1536902
_d1536902